Tái cấu trúc quản lý, kinh doanh vốn theo thông lệ quốc tế trong tiến trình tái cơ cấu hệ thống ngân hàng tại Việt Nam /

Gespeichert in:
Bibliographische Detailangaben
1. Verfasser: Nghiêm Xuân Thành.
Format: Artikel
Sprache:Vietnamese
Schlagworte:
Tags: Tag hinzufügen
Keine Tags, Fügen Sie den ersten Tag hinzu!
Thư viện lưu trữ: Thư viện Trường Đại học Đà Lạt
LEADER 00867nam a2200253 4500
001 DLU170181596
005 ##20171030
040 # # |a DLU  |b vie 
041 # # |a vie 
044 # # |a vn 
100 # # |a Nghiêm Xuân Thành. 
245 # # |a Tái cấu trúc quản lý, kinh doanh vốn theo thông lệ quốc tế trong tiến trình tái cơ cấu hệ thống ngân hàng tại Việt Nam /  |c Nghiêm Xuân Thành. 
653 # # |a Kinh doanh vốn 
653 # # |a Quản lý vốn 
653 # # |a Tái cơ cấu hệ thống ngân hàng  
773 # # |t Nghiên cứu kinh tế  |g Số 12(451), 2015, tr. 40-49 
920 # # |a Phòng Tạp chí -- Trung tâm Thông tin - Thư viện Trường Đại học Đà Lạt 
900 # # |a True 
911 # # |a Nguyễn Thị Thu Phương 
925 # # |a G 
926 # # |a A 
927 # # |a BB 
980 # # |a Thư viện Trường Đại học Đà Lạt